000 01139cab a2200217 4500
001 ABS51078
008 090401t1994 xxu||||| |||| 00| 0 eng d
035 _a(Sirsi) u8474
041 _aeng
245 _aBritton v Bristol City Council
260 _c1994
350 _a0
490 _aRating & Valuation Reporter
_v34(4) RVR 1994, 80-81(2)
520 _aLT 21 January 1994. A decision to determine the amount of compensation payable to the claimant, by the council, for the compulsory purchase of a house in a neglected condition. On the production of photographic evidence on behalf of the council of state of the property, and reference to the prices paid for the sale of seven other properties in the same road, the compensation payable to the claimant was determined at £25,000. No evidence was put forward by the claimant who was ordered to pay the council`s costs.
650 _aCompulsory purchase
_96228
650 _aRESIDENTIAL PROPERTY
_96266
650 _aUNFIT HOUSES
690 _aENVIRONMENTAL AND LAND CONSULTANCY-PLANNING AND DEVELOPMENT-COMPULSORY PURCHASE AND COMPENSATION
942 _n0
948 _c04/03/1997
999 _c5223
_d5223